00353nam a22001457a 4500003000500000005001700005008004100022040000600063082001600069100001800085245002500103260004100128300001300169650002500182CEME20210628205125.0210226b xxu||||| |||| 00| 0 eng d c. a500.2 GAM'M aGamow, George aMatter earth and sky aENGLEWOOD CLIFFbPRENTICE HALLc1958 aXI, 593P aMATTER EARTH AND SKY